000 00592nam a2200169Ia 4500
008 230917s9999||||xx |||||||||||||| ||und||
020 _cRS595
040 _e250876
_aMAIN
041 _aEnglish
082 _a891.43173109 SB64P
100 _aसिंह, बृजबाला
245 0 _aपरिवर्तन की परम्परा के कवि लीलीधर जगूडी
260 _aनई दिल्ली
_bवाणी प्रकाशन
_c2018
300 _a264 पृ. p.
500 _a3312 22/10/2018 HBD18/7518 22/10/2018 Main Budget
942 _cBK
999 _c28740
_d28740